Bezirke Österreichs nach Buchstabe - Statistiken

Allgemein
  • Dieses Quiz wurde 144 mal gespielt
  • Das Durchschnittsergebnis liegt bei 19 aus 22
Antwortstatistiken
B # Bezirk(e) % Korrekt
B 6 Bregenz, Baden, Bludenz, ...
100%
S 13 Salzburg, St. Pölten, Steyr, ...
100%
W 9 Wien, Wiener Neustadt, Wels
99%
G 7 Graz, Gänserndorf, Gmünd, ...
98%
I 3 Innsbruck, Imst
98%
K 8 Klagenfurt, Krems, Kitzbühel, ...
98%
L 8 Linz, Lienz, Liezen, Leoben, ...
98%
V 5 Villach, Vöcklabruck, Voitsberg, ...
93%
H 5 Hallein, Hollabrunn, Horn, ...
92%
R 4 Ried, Rohrbach, Reutte, Rust
92%
D 2 Dornbirn, Deutschlandsberg
91%
E 2 Eisenstadt, Eferding
90%
F 3 Feldkirch, Feldkirchen, Freistadt
89%
M 6 Mödling, Mattersburg, Melk, ...
87%
T 2 Tulln, Tamsweg
86%
Z 2 Zell am See, Zwettl
86%
A 1 Amstetten
81%
N 2 Neunkirchen, Neusiedl am See
81%
U 1 Urfahr-Umgebung
78%
J 1 Jennersdorf
77%
O 2 Oberpullendorf, Oberwart
72%
P 1 Perg
66%
Keine übereinstimmenden Quizze gefunden
Verteilung der Resultate
Anzahl Personen mit jedem Resultat
Perzentil nach korrekt beantworteten Fragen
Ihre Resultats-Entwicklung
Sie haben dieses Quiz noch nicht gespielt